000 01228nam a2200229Ia 4500
001 L192-1755
003 IT-CnALBA
008 170116s9999||||xx |||||||||||||| ||und||
040 _aIT-CnALBA
_cIT-CnALBA
041 _aITALIANO
100 _aFEUERBACH LUDWIG
245 0 _aMATERIALISMO DIALETTICO E MATERIALISMO STORICO.
250 _a5a ed.
260 _a BRESCIA
_bLA SCUOLA, SOCIETÀ EDITRICE
_c1963 [1° Ed.:1962 - Ed.Ling.Originale: 1962]
300 _a268 p. (prefazione: 130)
500 _aINTRODUZIONE TRADUZIONE E NOTE DI CORNELIO FABRO. HEGEL FEUERBACH. INTERPRETAZIONE DELL'UOMO. MARX. MATERIALISMO DIALETTICO E STORICO. AMBIGUITA' DELLA LOGICA MARXISTA. ESSENZA DELL'UOMO. TEOLOGIA ASTRATTA. ANTROPOLOGIA. TESI DI FEUERBACH. COMUNISMO. PROP
501 _aSocietà San Paolo EM - Piazza San Paolo, 14 - 12051 ALBA (CN) (non commercial uses only) ® Copyright 2017
520 _aINTRODUZIONE TRADUZIONE E NOTE DI CORNELIO FABRO. HEGEL FEUERBACH. INTERPRETAZIONE DELL'UOMO. MARX. MATERIALISMO DIALETTICO E STORICO. AMBIGUITA' DELLA LOGICA MARXISTA. ESSENZA DELL'UOMO. TEOLOGIA ASTRATTA. ANTROPOLOGIA. TESI DI FEUERBACH. COMUNISMO. PROP
650 _aFILOSOFIA INGLESE
942 _cBK
957 _71
999 _a2737
_bNO
_g Copie: 1
_c260974
_d260974